[Event "Hastings Masters op 84th"]
[Site "Hastings"]
[Date "2009.01.02"]
[Round "6"]
[White "Young, Craig A"]
[Black "Calvert, David Ian"]
[Result "0-1"]
[WhiteElo "2072"]
[BlackElo "2051"]
[PlyCount "52"]
[EventDate "2008.12.28"]
[EventType "swiss"]
[EventRounds "9"]
[EventCountry "ENG"]
[SourceTitle "CBM 128 Extra"]
[Source "ChessBase"]
[SourceDate "2009.03.05"]
[SourceVersion "2"]
[SourceVersionDate "2009.03.25"]
[SourceQuality "1"]

1. d4 d5 2. c4 c6 3. Nf3 Nf6 4. e3 Bf5 5. Qb3 Qb6 6. Nc3 Qxb3 7. axb3 e6 8. c5 Nbd7 9. b4 Be7 10. Be2 0-0 11. 0-0 a6 12. Bd2 Ne4 13. Be1 Bf6 14. Nxe4 dxe4 15. Nd2 e5 16. Nc4 exd4 17. Nd6 d3 18. Bxd3 exd3 19. Nxf5 Bxb2 20. Rd1 a5 21. Rxd3 Rfd8 22. Nd6 a4 23. Bc3 Ne5 24. Bxe5 Bxe5 25. Ra3 Bxd6 26. cxd6 Rxd6 0-1

[Event "Hastings Masters op 84th"]
[Site "Hastings"]
[Date "2008.12.31"]
[Round "4"]
[White "Young, Craig A"]
[Black "MacRae, James"]
[Result "1-0"]
[WhiteElo "2072"]
[BlackElo "1778"]
[PlyCount "57"]
[EventDate "2008.12.28"]
[EventType "swiss"]
[EventRounds "9"]
[EventCountry "ENG"]
[SourceTitle "CBM 128 Extra"]
[Source "ChessBase"]
[SourceDate "2009.03.05"]
[SourceVersion "2"]
[SourceVersionDate "2009.03.25"]
[SourceQuality "1"]

1. d4 d5 2. c4 Nc6 3. e3 e5 4. dxe5 d4 5. Nf3 Bb4+ 6. Bd2 dxe3 7. fxe3 Bxd2+ 8. Nbxd2 Bg4 9. Be2 Qd7 10. 0-0 0-0-0 11. Qb3 Nh6 12. Rad1 Qe7 13. Qc3 Nxe5 14. h3 Nxf3+ 15. Nxf3 Bxf3 16. Bxf3 f6 17. Rd5 Nf7 18. Rfd1 Ne5 19. Be4 Rxd5 20. cxd5 Qd6 21. Rd4 g6 22. b4 Rd8 23. a4 Kd7 24. Bc2 Ke7 25. Rh4 Rh8 26. Qd4 b6 27. Qc3 Kf7 28. Rd4 Ke7 29. Qe1 1-0

[Event "Southend op"]
[Site "Southend"]
[Date "2007.04.08"]
[Round "6"]
[White "Hare, Roy T"]
[Black "Young, Craig A"]
[Result "0-1"]
[WhiteElo "1923"]
[BlackElo "2083"]
[PlyCount "90"]
[EventDate "2007.04.06"]
[EventType "swiss"]
[EventRounds "7"]
[EventCountry "ENG"]
[SourceTitle "CBM 117 Extra"]
[Source "ChessBase"]
[SourceDate "2007.05.09"]
[SourceVersion "1"]
[SourceVersionDate "2007.05.09"]
[SourceQuality "1"]

1. e4 e5 2. Nf3 d6 3. c3 Nf6 4. d3 g6 5. Be2 Bg7 6. h3 0-0 7. Be3 d5 8. Qc2 Re8 9. 0-0 b6 10. Nbd2 Bb7 11. Rfd1 h6 12. exd5 Nxd5 13. Nf1 Nd7 14. N3h2 N7f6 15. Qd2 Kh7 16. Ng4 Nxg4 17. Bxg4 f5 18. Be2 f4 19. Bf3 fxe3 20. fxe3 c6 21. c4 Nf6 22. Ng3 Qc7 23. e4 c5 24. Nf1 Rad8 25. Qe3 Bc8 26. g4 Ng8 27. Rd2 Rf8 28. Rh2 Rf4 29. Ng3 Qd6 30. Rd1 Ne7 31. Rf2 Qf6 32. Ne2 Nc6 33. Nxf4 exf4 34. Qc1 Rf8 35. Kg2 Qh4 36. Rh1 Bd4 37. Qe1 Qg3+ 38. Kf1 Ne5 39. Qe2 Qxf2+ 40. Qxf2 Bxf2 41. Kxf2 Nxd3+ 42. Ke2 Nxb2 43. Rc1 Be6 44. Kd2 Rd8+ 45. Kc2 Nxc4 0-1

[Event "Southend op"]
[Site "Southend"]
[Date "2007.04.08"]
[Round "5"]
[White "Young, Craig A"]
[Black "O'Toole, George E"]
[Result "0-1"]
[WhiteElo "2083"]
[BlackElo "1965"]
[PlyCount "40"]
[EventDate "2007.04.06"]
[EventType "swiss"]
[EventRounds "7"]
[EventCountry "ENG"]
[SourceTitle "CBM 117 Extra"]
[Source "ChessBase"]
[SourceDate "2007.05.09"]
[SourceVersion "1"]
[SourceVersionDate "2007.05.09"]
[SourceQuality "1"]

1. d4 Nf6 2. c4 c5 3. d5 b5 4. Qc2 g6 5. e4 d6 6. b3 Nxe4 7. Bb2 Qa5+ 8. Nd2 Nf6 9. Bxf6 exf6 10. Qe4+ Be7 11. Ngf3 Bf5 12. Qe3 Na6 13. Nh4 Nb4 14. Rc1 Nc2+ 15. Rxc2 Bxc2 16. Be2 0-0 17. Qxe7 Rfe8 18. Qxd6 Bd3 19. 0-0 Bxe2 20. Qxc5 Qxd2 0-1

[Event "Southend op-A"]
[Site "Southend"]
[Date "2006.04.16"]
[Round "5"]
[White "Wallace, Paul Anthony"]
[Black "Young, Craig A"]
[Result "1-0"]
[WhiteElo "2209"]
[BlackElo "2102"]
[PlyCount "65"]
[EventDate "2006.04.14"]
[EventType "swiss"]
[EventRounds "7"]
[EventCountry "ENG"]
[SourceTitle "EXT 2007"]
[Source "ChessBase"]
[SourceDate "2006.11.23"]
[SourceVersion "1"]
[SourceVersionDate "2006.11.23"]
[SourceQuality "1"]

1. e4 e5 2. Nf3 Nc6 3. Bb5 a6 4. Ba4 d6 5. c3 Nf6 6. Qe2 Be7 7. 0-0 Bg4 8. h3 Bh5 9. d3 0-0 10. Nbd2 Bxf3 11. Nxf3 b5 12. Bc2 b4 13. Ba4 Nb8 14. cxb4 a5 15. bxa5 Rxa5 16. Bc2 c5 17. Bd2 Ra7 18. b4 cxb4 19. Bxb4 Nc6 20. Bd2 Qa8 21. Bb3 Rb8 22. Rac1 h6 23. Rc2 Nb4 24. Bxb4 Rxb4 25. Rfc1 Qb7 26. Rc8+ Bf8 27. Rd8 Nd7 28. Rcc8 g6 29. Nh4 Kg7 30. Qg4 Nf6 31. Nf5+ Kh7 32. Qh4 g5 33. Qxh6+ 1-0

[Event "Southend op-A"]
[Site "Southend"]
[Date "2006.04.16"]
[Round "6"]
[White "Young, Craig A"]
[Black "Parmar, Amisha"]
[Result "1-0"]
[WhiteElo "2102"]
[BlackElo "1956"]
[PlyCount "121"]
[EventDate "2006.04.14"]
[EventType "swiss"]
[EventRounds "7"]
[EventCountry "ENG"]
[SourceTitle "EXT 2007"]
[Source "ChessBase"]
[SourceDate "2006.11.23"]
[SourceVersion "1"]
[SourceVersionDate "2006.11.23"]
[SourceQuality "1"]

1. d4 Nf6 2. Nf3 g6 3. c4 Bg7 4. Nc3 0-0 5. e4 d6 6. Be2 e5 7. 0-0 Nc6 8. Be3 Ng4 9. Bg5 f6 10. Bh4 Kh8 11. d5 Ne7 12. Nd2 Nh6 13. b4 f5 14. c5 Nf7 15. f3 g5 16. Bf2 f4 17. Nc4 h5 18. Rc1 a6 19. cxd6 Nxd6 20. Nxd6 cxd6 21. Na4 b5 22. Nb6 Rb8 23. Nxc8 Rxc8 24. Qb3 Qd7 25. h3 Ng8 26. Qa3 Qb7 27. Rfd1 Bf6 28. Rd2 Rxc1+ 29. Qxc1 Rc8 30. Rc2 Ne7 31. Kf1 Kg7 32. Ke1 Kf7 33. Kd2 Ke8 34. Rxc8+ Nxc8 35. a4 Kd7 36. axb5 axb5 37. Qf1 Na7 38. Qa1 Nc8 39. Qa5 Bd8 40. Qxb5+ Qxb5 41. Bxb5+ Kc7 42. h4 gxh4 43. Be8 Nb6 44. Kc3 Nd7 45. Bxh5 Nf6 46. Bg6 Kb7 47. Kc4 Nd7 48. Kb5 Nf8 49. Be8 Nh7 50. Bc6+ Kb8 51. Ka6 h3 52. gxh3 Ng5 53. Bh4 Kc7 54. b5 Kc8 55. Bxg5 Bxg5 56. Ka7 Bh4 57. b6 Bf2 58. h4 Kd8 59. h5 Ke7 60. Kb7 Kf6 61. Kc7 1-0

[Event "Southend op-A"]
[Site "Southend"]
[Date "2006.04.15"]
[Round "4"]
[White "Young, Craig A"]
[Black "Sugden, John N"]
[Result "1/2-1/2"]
[WhiteElo "2102"]
[BlackElo "2167"]
[PlyCount "47"]
[EventDate "2006.04.14"]
[EventType "swiss"]
[EventRounds "7"]
[EventCountry "ENG"]
[SourceTitle "EXT 2007"]
[Source "ChessBase"]
[SourceDate "2006.11.23"]
[SourceVersion "1"]
[SourceVersionDate "2006.11.23"]
[SourceQuality "1"]

1. d4 Nf6 2. Nf3 c5 3. d5 d6 4. c4 e5 5. Nc3 g6 6. e4 Bg7 7. g3 0-0 8. Bg2 a6 9. a4 Nbd7 10. 0-0 Ne8 11. Ra3 Nc7 12. Bd2 f5 13. exf5 gxf5 14. Nh4 Nf6 15. Qc1 Nfe8 16. Bh6 b6 17. Bh3 Qf6 18. Bg5 Qf7 19. Rb3 Rb8 20. Ng2 Bf6 21. Bxf6 Qxf6 22. f4 e4 23. Kh1 Ng7 24. Ne3 1/2-1/2

[Event "Coventry op"]
[Site "Coventry"]
[Date "2005.03.28"]
[Round "9"]
[White "Sowray, Peter John"]
[Black "Young, Craig A"]
[Result "1-0"]
[WhiteElo "2342"]
[BlackElo "2102"]
[PlyCount "54"]
[EventDate "2005.03.24"]
[EventType "swiss"]
[EventRounds "9"]
[EventCountry "ENG"]
[SourceTitle "CBM 105 Extra"]
[Source "ChessBase"]
[SourceDate "2005.05.01"]
[SourceVersion "1"]
[SourceVersionDate "2005.05.01"]
[SourceQuality "1"]

1. Nf3 d5 2. d4 Nf6 3. c4 c6 4. Qc2 g6 5. Bf4 Bg7 6. e3 0-0 7. h3 c5 8. cxd5 cxd4 9. e4 Nh5 10. Bc7 Qe8 11. Bc4 b5 12. Bb3 Na6 13. Be5 Bxe5 14. Nxe5 e6 15. d6 Qd8 16. Qc6 Rb8 17. d7 Bb7 18. Qd6 Qg5 19. Nd2 Qxg2 20. 0-0-0 Nf4 21. Kb1 Nxh3 22. Nxf7 Bxe4+ 23. Nxe4 Qxe4+ 24. Ka1 Nxf2 25. Ng5 Qf4 26. Bxe6+ Kg7 27. Rxh7+ Kf6 1-0

[Event "BCF-chT3 0203 (4NCL)"]
[Site "West Bromwich"]
[Date "2003.01.19"]
[Round "4.2"]
[White "Freeman, Richard"]
[Black "Young, Craig A"]
[Result "1/2-1/2"]
[WhiteElo "2066"]
[BlackElo "2097"]
[PlyCount "31"]
[EventDate "2002.11.??"]
[EventType "team"]
[EventRounds "11"]
[EventCountry "ENG"]
[SourceTitle "EXT 2004"]
[Source "ChessBase"]
[SourceDate "2003.11.25"]
[SourceVersion "1"]
[SourceVersionDate "2003.11.25"]
[SourceQuality "1"]
[WhiteTeam "Milton Keynes"]
[BlackTeam "Poisoned Pawns II"]
[WhiteTeamCountry "ENG"]
[BlackTeamCountry "ENG"]

1. e4 e5 2. Bc4 Nf6 3. d4 Nxe4 4. dxe5 c6 5. Qe2 Nc5 6. a4 Be7 7. Nf3 0-0 8. 0-0 d5 9. exd6 Bxd6 10. Bg5 Qc7 11. Nc3 Bg4 12. h3 Bh5 13. Ne4 Nxe4 14. Qxe4 Nd7 15. Rfe1 Nc5 16. Qe2 1/2-1/2

[Event "BCF-chT qual (4NCL)"]
[Site "England"]
[Date "2002.06.01"]
[Round "1"]
[White "Calvert, David Ian"]
[Black "Young, Craig A"]
[Result "0-1"]
[WhiteElo "2058"]
[BlackElo "2102"]
[PlyCount "50"]
[EventDate "2002.06.??"]
[EventType "team"]
[EventRounds "8"]
[EventCountry "ENG"]
[SourceTitle "EXT 2005"]
[Source "ChessBase"]
[SourceDate "2004.11.15"]
[SourceVersion "1"]
[SourceVersionDate "2004.11.15"]
[SourceQuality "1"]
[WhiteTeam "Metropolitan"]
[BlackTeam "Poisoned Pawns"]
[WhiteTeamCountry "ENG"]
[BlackTeamCountry "ENG"]

1. b3 e5 2. Bb2 Nc6 3. e3 d6 4. Nf3 Nf6 5. d4 e4 6. d5 Nb8 7. Nfd2 Bf5 8. Nc3 Be7 9. Be2 h5 10. 0-0 h4 11. f3 exf3 12. Bxf3 Qd7 13. e4 Bg4 14. h3 Bxf3 15. Nxf3 Na6 16. e5 dxe5 17. Nxe5 Qd6 18. Qe2 0-0 19. Ne4 Nxe4 20. Qxe4 Rae8 21. Qg4 Bf6 22. Rxf6 Qxf6 23. Rf1 Qh6 24. Nd7 f5 25. Rxf5 Qe3+ 0-1

[Event "BCF-chT3 0102 (4NCL)"]
[Site "Birmingham"]
[Date "2002.03.23"]
[Round "7.1"]
[White "Young, Craig A"]
[Black "Carleton, John Joseph"]
[Result "0-1"]
[WhiteElo "2113"]
[BlackElo "2253"]
[PlyCount "60"]
[EventDate "2001.09.??"]
[EventType "team"]
[EventRounds "11"]
[EventCountry "ENG"]
[SourceTitle "EXT 2003"]
[Source "ChessBase"]
[SourceDate "2002.11.25"]
[SourceVersion "1"]
[SourceVersionDate "2002.11.25"]
[SourceQuality "1"]
[WhiteTeam "Poisoned Pawns II"]
[BlackTeam "All Four Corners"]
[WhiteTeamCountry "ENG"]
[BlackTeamCountry "ENG"]

1. Nf3 d5 2. d4 Bf5 3. c4 e6 4. Qb3 Nc6 5. a3 Na5 6. Qa4+ c6 7. cxd5 exd5 8. e3 b5 9. Qd1 Nf6 10. Be2 Bd6 11. Nbd2 0-0 12. 0-0 Re8 13. b4 Nc4 14. Nb3 Ne4 15. Bxc4 bxc4 16. Nc5 Qf6 17. Nxe4 Rxe4 18. Ne1 Rae8 19. f4 Rxe3 20. Bxe3 Rxe3 21. Qd2 Qe7 22. Ra2 Qe4 23. g3 c3 24. Qd1 h5 25. Ng2 Rd3 26. Qxh5 Qxd4+ 27. Kh1 Be4 28. Qe2 Bc7 29. h4 Rxg3 30. Rf2 Bb6 0-1

[Event "BCF-chT3 0102 (4NCL)"]
[Site "Birmingham"]
[Date "2001.11.24"]
[Round "3.4"]
[White "Blackburn, Jonathan LB"]
[Black "Young, Craig A"]
[Result "1-0"]
[WhiteElo "2162"]
[BlackElo "2113"]
[PlyCount "75"]
[EventDate "2001.09.??"]
[EventType "team"]
[EventRounds "11"]
[EventCountry "ENG"]
[SourceTitle "EXT 2003"]
[Source "ChessBase"]
[SourceDate "2002.11.25"]
[SourceVersion "1"]
[SourceVersionDate "2002.11.25"]
[SourceQuality "1"]
[WhiteTeam "SW Dragons II"]
[BlackTeam "Poisoned Pawns II"]
[WhiteTeamCountry "ENG"]
[BlackTeamCountry "ENG"]

1. d4 Nf6 2. c4 c5 3. d5 e6 4. Nc3 exd5 5. cxd5 d6 6. e4 g6 7. g3 Bg7 8. Bg2 0-0 9. Nge2 Re8 10. a4 Na6 11. 0-0 Nc7 12. Qc2 b6 13. Rb1 Qe7 14. Bf4 Nd7 15. b3 Ba6 16. Rfd1 Rac8 17. Be3 Ne5 18. h3 Nd7 19. Qd2 Rcd8 20. Bg5 Bf6 21. Bxf6 Qxf6 22. f4 Qg7 23. Re1 Qh6 24. Rbd1 Rb8 25. Qc2 Qg7 26. Kh2 Nf8 27. Ng1 g5 28. fxg5 Qxg5 29. Nf3 Qf6 30. e5 dxe5 31. d6 Nce6 32. d7 Red8 33. Nd5 Qg7 34. Ne7+ Kh8 35. Nc6 Nd4 36. Nfxd4 exd4 37. Nxb8 Rxb8 38. Re8 1-0

[Event "Southend op"]
[Site "London"]
[Date "2001.04.14"]
[Round "3"]
[White "Young, Craig A"]
[Black "Broomfield, Matthew"]
[Result "0-1"]
[WhiteElo "2123"]
[BlackElo "2240"]
[PlyCount "60"]
[EventDate "2001.04.13"]
[EventType "swiss"]
[EventRounds "7"]
[EventCountry "ENG"]
[SourceTitle "EXT 2006"]
[Source "ChessBase"]
[SourceDate "2005.11.24"]
[SourceVersion "1"]
[SourceVersionDate "2005.11.24"]
[SourceQuality "1"]

1. Nf3 Nf6 2. c4 e6 3. d4 Bb4+ 4. Nbd2 b6 5. a3 Bxd2+ 6. Bxd2 Bb7 7. e3 d6 8. Bd3 Ne4 9. 0-0 0-0 10. Qc2 f5 11. Ne1 Qh4 12. f3 Ng5 13. Bc3 Nd7 14. Qf2 Qh5 15. f4 Ne4 16. Bxe4 Bxe4 17. Nf3 h6 18. Rac1 a5 19. b3 a4 20. b4 Bd3 21. Rfd1 Bxc4 22. d5 Bxd5 23. Nd4 Nf6 24. Nb5 Ne4 25. Qb2 Qf7 26. Bd4 c5 27. bxc5 bxc5 28. Bc3 Rab8 29. Qe2 Qb7 30. Rb1 Bc6 0-1

[Event "Kidlington Congress 25th"]
[Site "Kidlington"]
[Date "2001.??.??"]
[Round "2"]
[White "Purdon, Colin"]
[Black "Young, Craig A"]
[Result "1/2-1/2"]
[WhiteElo "2089"]
[BlackElo "2109"]
[PlyCount "51"]
[EventDate "2001.01.03"]
[EventType "swiss"]
[EventRounds "5"]
[EventCountry "ENG"]
[SourceTitle "CBM 080 Extra"]
[Source "ChessBase"]
[SourceDate "2001.03.08"]
[SourceVersion "1"]
[SourceVersionDate "2001.03.08"]
[SourceQuality "1"]

1. d4 Nf6 2. c4 g6 3. Nc3 Bg7 4. e4 d6 5. Nge2 0-0 6. Ng3 c5 7. d5 e6 8. Be2 exd5 9. exd5 Re8 10. Bf4 a6 11. 0-0 Qc7 12. h3 Nbd7 13. Qd2 b6 14. Bh6 Bb7 15. Bxg7 Kxg7 16. f4 Re7 17. Bd3 Rae8 18. Rae1 b5 19. b3 bxc4 20. bxc4 Kg8 21. Nce4 Nxe4 22. Nxe4 f5 23. Ng5 Nf8 24. Bc2 Bc8 25. Ba4 Bd7 26. Rxe7 1/2-1/2

[Event "Frome op"]
[Site "Frome"]
[Date "2001.??.??"]
[Round "3"]
[White "Young, Craig A"]
[Black "Franklin, Michael J"]
[Result "1/2-1/2"]
[WhiteElo "2109"]
[BlackElo "2253"]
[PlyCount "38"]
[EventDate "2001.??.??"]
[EventType "swiss"]
[EventRounds "5"]
[EventCountry "ENG"]
[SourceTitle "EXT 2002"]
[Source "ChessBase"]
[SourceDate "2001.11.25"]
[SourceVersion "1"]
[SourceVersionDate "2001.11.25"]
[SourceQuality "1"]

1. Nf3 Nf6 2. c4 c6 3. d4 d5 4. e3 a6 5. Ne5 e6 6. Bd3 dxc4 7. Bxc4 c5 8. 0-0 Be7 9. dxc5 Qxd1 10. Rxd1 Bxc5 11. Nc3 0-0 12. Bd2 Nbd7 13. Nf3 b5 14. Be2 Bb7 15. Rac1 Rac8 16. Be1 Rfd8 17. h3 h6 18. a3 Bb6 19. b4 Nd5 1/2-1/2